| 000 | 00889nam a22002777a 4500 | ||
|---|---|---|---|
| 001 | 412 | ||
| 003 | FISKH | ||
| 005 | 20230410112240.0 | ||
| 008 | 230410b cb ||||| |||| 00| 0 eng d | ||
| 040 |
_aDLC _cDLC _dDLC _dFISKH _beng |
||
| 042 | _alcac | ||
| 050 | 0 | 0 |
_aPZ7.M478675 _bFi 1989 |
| 082 | 0 | 0 |
_a813.6 _219 |
| 100 | 1 | _aMcKenna, Colleen O'Shaughnessy. | |
| 245 | 1 | 0 |
_aFifth grade, here comes trouble / _cColleen O'Shaughnessy McKenna. |
| 260 |
_aNew York : _bScholastic. _c1989. |
||
| 300 |
_a137 pages. ; _c20 cm. |
||
| 505 | _aM | ||
| 520 | _aUnlike the other girls in her class, Collette Murphy becomes worried and embarrassed when she is invited to her first boy/girl party. | ||
| 521 | 8 |
_a710
_bLexile |
|
| 521 | 8 |
_aM
_bRaz-Plus |
|
| 650 | 1 |
_aParties _xFiction. |
|
| 650 | 1 |
_aSchools _xFiction. |
|
| 906 |
_a7 _bcbc _corignew _d1 _eocip _f19 _gy-gencatlg |
||
| 942 |
_2ddc _cBK _n0 |
||
| 999 |
_c412 _d412 |
||